00621nam a22002177a 450000500170000001000130001702000220003003500130005203700160006504000120008108200130009324500720010626000420017827000450022030000260026549000290029150000200032065000230034065000230036370000170038620170124110057.0 aA-600960 c00.00a8171171001 aA-600960 bCen Lib/Ret aDPLbEN a658bBUS aBusiness policy and government management /cedited by A.C. Mittal  aNew Delhi bOsmos Publications c1992 aT-7, rajouri garden bNew Delhi e110027 aviii, 336p.c21cm(Hb) aModern management review aIncludes index  aExport management  aBusiness policies  aMittal, A.C.